Полифункциональный мониторинг качества: опыт, проблемы и решения; Будущее инженерного образования

书目详细资料
Parent link:Будущее инженерного образования.— 2016.— С. 83-92
主要作者: Колокольцев В. М.
其他作者: Глухова А. Ю.
语言:俄语
出版: 2016
格式: 本书章节
KOHA link:https://koha.lib.tpu.ru/cgi-bin/koha/opac-detail.pl?biblionumber=324089

MARC

LEADER 00000naa2a2200000 4500
001 324089
005 20231101023021.0
035 |a (RuTPU)RU\TPU\book\349678 
035 |a RU\TPU\book\349211 
090 |a 324089 
100 |a 20161107d2016 k y0rusy50 ca 
101 0 |a rus 
102 |a RU 
200 1 |a Полифункциональный мониторинг качества: опыт, проблемы и решения  |f В. М. Колокольцев, А. Ю. Глухова 
320 |a Библиогр.: с. 92 (4 назв.) 
463 0 |0 (RuTPU)RU\TPU\book\344899  |y 978-5-91916-019-9  |t Будущее инженерного образования  |o сборник научных статей  |f Ассоциация технических университетов (АТУ) ; Московский государственный технический университет им. Н. Э. Баумана (МГТУ) ; под ред. А. А. Александрова , В. К. Балтяна  |v С. 83-92  |d 2016  |p 267 с. 
700 1 |a Колокольцев  |b В. М. 
701 1 |a Глухова  |b А. Ю. 
801 1 |a RU  |b 63413507  |c 20160602 
801 2 |a RU  |b 63413507  |c 20161107  |g RCR 
942 |c BK